Centro América 1982. Análisis económicos y políticos sobre la región: Centro América, Guatemala, El Salvador, Honduras, Nicaragua, Costa Rica, Panamá, Belice
Sábháilte in:
| Údar corparáideach: | |
|---|---|
| Formáid: | Téacs |
| Foilsithe / Cruthaithe: |
Guatemala:
INFORPRESS
|
| Clibeanna: |
Cuir clib leis
Níl clibeanna ann, Bí ar an gcéad duine le clib a chur leis an taifead seo!
|
MARC
| LEADER | 00000 a a2200000 04500 | ||
|---|---|---|---|
| 001 | 23235 | ||
| 003 | |||
| 040 | |||
| 090 | |a 160800 | ||
| 110 | |a INFORPRESS | ||
| 245 | |a Centro América 1982. Análisis económicos y políticos sobre la región: Centro América, Guatemala, El Salvador, Honduras, Nicaragua, Costa Rica, Panamá, Belice | ||
| 260 | |a Guatemala: |b INFORPRESS | ||
| 300 | |a p. irreg. |b **no definido** |b map. | ||
| 999 | |c 14141 |d 14141 | ||
